Budovanie partnerských vzťahov v kontraktačno-distribučnom kanáli /Premio/ diplomová práca

Gespeichert in:
Bibliographische Detailangaben
1. Verfasser: Gereg, Radoslav
Körperschaft: Obchodná fakulta EU. Katedra marketingu
Weitere Verfasser: Orgonáš, Jozef, 1957-
Format: Buch
Sprache:Slowakisch
Veröffentlicht: Bratislava 2015
Tags: Tag hinzufügen
Keine Tags, Fügen Sie das erste Tag hinzu!

MARC

LEADER 00000nbm a2200000 4500
001 0201528
005 20161212104657.2
041 0 |a slo 
044 |a SK 
245 1 0 |a Budovanie partnerských vzťahov v kontraktačno-distribučnom kanáli /Premio/  |b diplomová práca  |c Radoslav Gereg ; školiteľ: Jozef Orgonáš 
264 1 |a Bratislava  |c 2015 
300 |a 70 s. 
100 1 |a Gereg, Radoslav 
700 1 |a Orgonáš, Jozef, 1957- 
710 2 |a Obchodná fakulta EU. Katedra marketingu